| 000 | 00507nam a2200181Ia 4500 | ||
|---|---|---|---|
| 999 |
_c14705 _d14705 |
||
| 003 | OSt | ||
| 005 | 20201103123149.0 | ||
| 008 | 190216s9999||||xx |||||||||||||| ||und|| | ||
| 020 | _a0195623916 | ||
| 040 | _coclc | ||
| 082 |
_a823 _bMOH/P |
||
| 100 |
_aMohanty, Gopinath _95858 |
||
| 245 | 0 |
_aParaja / _cGopinath Mohanty ; Bikram k das |
|
| 260 |
_bOxford University Press, _c2012. _aNew delhi: |
||
| 300 | _a373p | ||
| 650 | _aEnglish | ||
| 942 |
_cBK _2ddc _h823 _iMOH/P _k823 _mMOH/P |
||